000 00610nam a2200229 4500
003 OSt
005 20260601193526.0
008 260506b1970 enga|||| |||| 00| 0 eng d
040 _aICI
_beng
_cICI
041 _aeng
050 _aNA9052
_bM34
100 1 _aMalt, Harold Lewis,
_bautor
_935717
245 1 _aFurnishing the city/
264 _aNew York
_bMcGraw-Hill,
_c1970
300 _a254 páginas
336 _atexto
_2rdacontent
337 _asin medio
_2rdamedia
338 _avolumen
_2rdacarrier
650 _aUrbanismo
_y1945-
_935718
650 _aEmbellecimiento urbano
_935719
942 _2lcc
_cB
_n1
999 _c21172
_d21172